Hoá học hữu cơ (Giáo trình cho sinh viên trường Đại học Bách Khoa Hà Nội, tài liệu tham khảo cho các trường đại học, cao đẳng khác) Tập 1

Cung cấp những khái niệm, những quy luật cơ bản của hoá học hữu cơ như lý thuyết về liên kết, các hiệu ứng, lượng tử hữu cơ, tác nhân và các loại phản ứng hữu cơ...

Sparad:
Bibliografiska uppgifter
Huvudupphovsman: Hoàng Trọng Yêm (Chủ biên)
Materialtyp: Bok
Språk:Vietnamese
Publicerad: H. Bách khoa Hà Nội 2010
Ämnen:
Taggar: Lägg till en tagg
Inga taggar, Lägg till första taggen!
Thư viện lưu trữ: Thư viện Trường Đại học Nam Cần Thơ
LEADER 01517aam a22002178a 4500
001 NCT_1112
008 110113s2010 ||||||viesd
999 |c 55  |d 55 
020 |c 48500 
082 0 4 |2 3rd ed.  |a 547  |b Y602/T.1 
100 1 |a Hoàng Trọng Yêm  |e Chủ biên 
245 1 0 |a Hoá học hữu cơ  |b (Giáo trình cho sinh viên trường Đại học Bách Khoa Hà Nội, tài liệu tham khảo cho các trường đại học, cao đẳng khác)  |n Tập 1  |c Hoàng Trọng Yêm (chủ biên) 
260 |a H.  |b Bách khoa Hà Nội  |c 2010 
300 |a 197tr.  |b hình vẽ, bảng  |c 21cm 
520 3 |a Cung cấp những khái niệm, những quy luật cơ bản của hoá học hữu cơ như lý thuyết về liên kết, các hiệu ứng, lượng tử hữu cơ, tác nhân và các loại phản ứng hữu cơ... 
655 7 |a Giáo trình 
942 |2 ddc  |c BK 
952 |0 0  |1 0  |2 ddc  |4 0  |6 547_000000000000000_Y602_T_1  |7 0  |9 203  |a 000001  |b 000001  |d 2017-10-02  |l 1  |o 547 Y602/T.1  |p MD.00098  |r 2017-12-08  |s 2017-11-27  |v 48500.00  |w 2017-10-02  |y BK 
952 |0 0  |1 0  |2 ddc  |4 0  |6 547_000000000000000_Y602_T_1  |7 0  |9 204  |a 000001  |b 000001  |d 2017-10-02  |l 2  |m 1  |o 547 Y602/T.1  |p MD.00097  |r 2020-07-23  |s 2020-07-06  |v 48500.00  |w 2017-10-02  |y BK 
952 |0 0  |1 0  |2 ddc  |4 0  |6 547_000000000000000_Y602_T_1  |7 0  |9 205  |a 000001  |b 000001  |d 2017-10-02  |o 547 Y602/T.1  |p MD.00096  |r 2017-10-02  |v 48500.00  |w 2017-10-02  |y BK 
980 |a Thư viện Trường Đại học Nam Cần Thơ